| Tag |
First Indicator |
Second Indicator |
Subfields |
| LEADER |
00000cam a2200000 4500 |
| 001 |
in00000024333 |
| 005 |
20151007061110.0 |
| 008 |
800627s1919 enka 00010 eng d |
| 035 |
|
|
|a (OCoLC)06468862
|
| 035 |
|
|
|9 AAD1089AM
|
| 040 |
|
|
|a TXA
|c TXA
|d UtOrBLW
|
| 041 |
1 |
|
|a eng
|a fre
|
| 049 |
|
|
|a TXAM
|c [14842]
|
| 090 |
|
|
|a TP807
|b .B68 1919
|
| 092 |
|
|
|a 666
|b B776t3
|
| 100 |
1 |
|
|a Bourry, Emile.
|
| 245 |
1 |
2 |
|a A treatise on ceramic industries ;
|b a complete manual for pottery, tile, and brick manufacturers /
|c by Emile Bourry; a revised translation from the French, with some critical notes, by Alfred B. Searle. Three hundred and eight illustrations.
|
| 264 |
|
1 |
|a London :
|b Scott, Greenwood & son,
|c 1919.
|
| 300 |
|
|
|a viii, 480 pages including illustrations, tables, diagrams ;
|c 22 cm.
|
| 336 |
|
|
|a text
|b txt
|2 rdacontent
|
| 337 |
|
|
|a unmediated
|b n
|2 rdamedia
|
| 338 |
|
|
|a volume
|b nc
|2 rdacarrier
|
| 500 |
|
|
|a "Third English edition, 1919"
|
| 650 |
|
0 |
|a Pottery.
|
| 700 |
1 |
|
|a Searle, Alfred B.
|q (Alfred Broadhead),
|d 1877-1967.
|
| 999 |
|
|
|a MARS
|
| 999 |
f |
f |
|s 38bf520d-6a00-3304-9ce9-ef5041291b2d
|i f4366607-718f-3f15-a269-8d4cf3e5c44d
|t 0
|
| 952 |
f |
f |
|p ric
|a Texas A&M University
|b Rellis Campus
|c Joint Library Facility
|d Remote Storage
|t 0
|e TP807 .B68 1919
|h Library of Congress classification
|i unmediated -- volume
|m A14801115643
|
| 998 |
f |
f |
|a TP807 .B68 1919
|t 0
|l Remote Storage
|